000 00483nam a2200205Ia 4500
003 0100
008 130303s9999 xx 000 0 und d
040 _cARRUPELIB
050 _aBD111.M575 1998
245 _aMetaphysics
245 _bthe big questions
260 _aOxford
260 _bBlackwell publishing
260 _C1998
300 _a498p.
300 _b 23cm
650 _bZimbabwe
700 _aVan Inwagen, Peter ; Zimmerman, Dean W.jt.ed.
942 _2lcc
_05
999 _c66039
_d66039